000 01140nam a22002177a 4500
999 _c13863
_d13863
003 AR-CdUCM
008 190416b ||||| |||| 00| 0 spa d
040 _aMUNICIPALIDAD PROVINCIAL DEL CUSCO
_cBIBLIOTECA MUNICIPAL DEL CUSCO
082 _a636.9
_bW29
100 _aCrianza familiar y empresarial de la alpaca :
_932452
245 _aCrianza familiar y empresarial de la alpaca :
_bEn las comunidades campesinas de Silco y Colca, provincias de Antabamba y Aymaraes (Apurimac) /
260 _aCusco :
_bCentro de Estudios Regionales Andinos Bartolomé de las Casas,
_c1995.
300 _a129 paginas ;
_bMapas, graficos,
_c23 cm.
505 _aContenido :Sistema de crianza familiar de la alpaca en las comunidades de Silco y Colca --Las empresas comunales alpaqueras como estrategia de sobrevivencia en comunidades alpaqueras --Articulacion de la crianza familiar y empresarial --La empresa comunal como alternativa /
650 _aAlpacas
_919708
650 _aAuquenidos
_922127
700 _aWarthon Blancas, Juvenal
_932453
710 _aAsociación Runamaqui (Apurimac)
_932454
942 _2ddc
_cLIBROS
945 _arjall
_d2019-04-16